<?xml version="1.0" encoding="UTF-8"?>
<collection xmlns="http://www.loc.gov/MARC21/slim">
 <record>
  <leader>02758nam a2200373 a 4500</leader>
  <controlfield tag="001">TVCDKTCT4302</controlfield>
  <controlfield tag="003">Thư viện trường Cao đẳng Kỹ thuật Cao Thắng</controlfield>
  <controlfield tag="005">20170529133321.3</controlfield>
  <controlfield tag="008">051213</controlfield>
  <datafield tag="980" ind1="\" ind2="\">
   <subfield code="a">Thư viện Trường CĐ Kỹ Thuật Cao Thắng</subfield>
  </datafield>
  <datafield tag="024" ind1=" " ind2=" ">
   <subfield code="a">RG_1 #1 eb0 i1 i5</subfield>
  </datafield>
  <datafield tag="041" ind1="0" ind2="#">
   <subfield code="a">vie</subfield>
  </datafield>
  <datafield tag="082" ind1="#" ind2="#">
   <subfield code="a">537.3 / </subfield>
   <subfield code="b">TR561CH-c</subfield>
  </datafield>
  <datafield tag="100" ind1="1" ind2="#">
   <subfield code="a">Trương Hữu Chí</subfield>
  </datafield>
  <datafield tag="245" ind1="0" ind2="0">
   <subfield code="a">Cơ điện tử': Hệ thống -trong chế tạo máy / </subfield>
   <subfield code="c">Trương Hữu Chí, Võ Thị Ry</subfield>
  </datafield>
  <datafield tag="250" ind1="#" ind2="#">
   <subfield code="a">In lần thứ 1</subfield>
  </datafield>
  <datafield tag="260" ind1="#" ind2="#">
   <subfield code="a">H. : </subfield>
   <subfield code="b">Khoa học và kỹ thuật , </subfield>
   <subfield code="c">2005</subfield>
  </datafield>
  <datafield tag="300" ind1="#" ind2="#">
   <subfield code="a">188tr. ; </subfield>
   <subfield code="c">24cm</subfield>
  </datafield>
  <datafield tag="520" ind1="#" ind2="#">
   <subfield code="a">Chương 1: Tổng quan.</subfield>
  </datafield>
  <datafield tag="520" ind1="#" ind2="#">
   <subfield code="a">Chương 2: Mô hình hệ thống cơ điện tử trong chế tạo máy.</subfield>
  </datafield>
  <datafield tag="520" ind1="#" ind2="#">
   <subfield code="a">Chương 3: Đáp ứng động học của các hệ thống.</subfield>
  </datafield>
  <datafield tag="520" ind1="#" ind2="#">
   <subfield code="a">Chương 4: Đáp ứng tần số.</subfield>
  </datafield>
  <datafield tag="520" ind1="#" ind2="#">
   <subfield code="a">Chương 5: Phân tích trạng thái và đặc tính của hệ thống.</subfield>
  </datafield>
  <datafield tag="520" ind1="#" ind2="#">
   <subfield code="a">Chương 6: Phân tích hệ thống-máy công cụ CNC.</subfield>
  </datafield>
  <datafield tag="520" ind1="#" ind2="#">
   <subfield code="a">Công nghệ kỹ thuật thông tin trong đó ngành cơ điện tử có vị trí quan trọng cùng với công nghệ sinh học, công nghệ vật liệu mới, công nghệ năng lượng mới, công nghệ môi trường và công nghệ hàng không vũ trụ là 06 cuộc cách mạng về công nghệ cao trong thế kỷ 21.</subfield>
  </datafield>
  <datafield tag="520" ind1="#" ind2="#">
   <subfield code="a">Cùng với việc tái bản quyển &quot; Cơ điện tử - các thành phần cơ bản &quot; cuốn &quot; Cơ điện tử - hệ thống trong chế tạo máy &quot; được bắt đầu từ các lý thuyết hệ thống (mô hình toán học, mô hình hệ thống, đáp ứng được hệ thống động học, các hàm truyền hệ thống, mô hình không gian trạng thái) và được kết thúc bởi việc phân tích hệ thống máy công cụ CNC sẽ giúp bạn đọc có được kiến thức về hệ thống đối với các sản phẩm cơ điện tử.</subfield>
  </datafield>
  <datafield tag="650" ind1="#" ind2="4">
   <subfield code="a">Cơ điện</subfield>
  </datafield>
  <datafield tag="650" ind1="#" ind2="4">
   <subfield code="a">Điện tử</subfield>
  </datafield>
  <datafield tag="650" ind1="#" ind2="4">
   <subfield code="a">Động học của tần số--Tần số--Hệ thống-máy công cụ CNC</subfield>
  </datafield>
  <datafield tag="700" ind1="0" ind2="#">
   <subfield code="a">Võ Thị Ry</subfield>
  </datafield>
  <datafield tag="721" ind1="#" ind2="#">
   <subfield code="a">CNKT Cơ điện tử</subfield>
  </datafield>
  <datafield tag="721" ind1="#" ind2="#">
   <subfield code="a">CNKT Điện tử</subfield>
  </datafield>
  <datafield tag="841" ind1="#" ind2="#">
   <subfield code="b">Kho Sách </subfield>
   <subfield code="j">100012003, 100014173, 100014210, 100014216, 100015512, 100015513, 100015514</subfield>
  </datafield>
  <datafield tag="841" ind1="#" ind2="#">
   <subfield code="b">Kho Tra Cứu </subfield>
   <subfield code="j">500000442, 500000443, 500001142, 500001143</subfield>
  </datafield>
 </record>
</collection>
